Allsvenskan 2025 team - Statistics

General Stats
  • This quiz has been taken 322 times
  • The average score is 14 of 16
Answer Stats
Hint Answer % Correct
Plays in the biggest stadium in Sweden, Strawberry Arena AIK
98%
Reached the round of 16 in the Europa Conferance Leauge 24/25 Djurgården
97%
Only scandinavian team to win the Uefa Cup in 1982 and 1987 IFK Göteborg
97%
Team in Stockholm founded in 1889 Hammarby
94%
Won Allsvenskan in 2022 for the first time in the clubs history Häcken
89%
Most successful team in Sweden with 24 championships Malmö FF
89%
The biggest club in Europe in terms of active youth teams. Brommapojkarna
87%
Located in the small town of Hällevik that has a population of 1485 Mjällby
87%
Located in Uppsala and plays att "Studenternas Arena" Sirius
86%
Played in the leauge phase of the Europa Leauge in 24/25 Elfsborg
83%
Won the title in 2015 for the first time since 1989 Norrköping
81%
Got promoted to Allsvenskan 2025 after having spent one year in "Superettan" Degerfors
80%
Won the first iAllsvenskan in the year 1924/1925 Gais
80%
Promoted to Allsvenskan in 2025 and set to play their 34th season in the top flight Öster
78%
Boyhood club of Arsenal legend Freddie Ljungberg Halmstad
76%
Promoted to Allsvenskan 2021 after 9 years in Superettan Värnamo
70%
No matching quizzes found
Score Distribution
Percent of People with Each Score
Percentile by Number Answered
Your Score History
You have not taken this quiz